| 000 | 00548nam a2200217Ia 4500 | ||
|---|---|---|---|
| 003 | OSt | ||
| 005 | 20240807163019.0 | ||
| 008 | 210210b1995 xxu||||| |||| 00| 0 eng d | ||
| 020 | _a81 7201 722 7 | ||
| 040 | _cAL | ||
| 041 | _aEnglish | ||
| 082 | _a809.88914 SAHS | ||
| 100 |
_aSAHITYA AKADEMI. _9151776 |
||
| 245 | _aSane Guruji: Makers of Indian Literature | ||
| 260 |
_aN D _bSahitya Akademi _c1995 |
||
| 300 | _avi,71 | ||
| 690 |
_aIndian Literature _9151778 |
||
| 700 |
_aG P Pradhan. _9175569 |
||
| 906 | _a054799 | ||
| 942 |
_2ddc _cBK |
||
| 999 |
_c102776 _d102776 |
||